000 00848nam a2200253Ia 4500
003 OSt
005 20220923211257.0
006 a|||||r|||| 00| 0
007 ta
008 Pun
020 _a9788178839035 (hbk)
_c200
024 _a273,256
037 _b667, 03/06/2013, H.K. Prakashan
_cTextual
040 _aARTS
_cARTS
_bPun
041 _2Pun
_aPun
082 _aO153:g, Q2
100 _aਕਗ਼ਾਕ, ਕਿਰਪਾਲ
_9156318
245 0 _aਸਿਰਜਣ ਪ੍ਰਕਿਰਿਆ
_b ਸਿਧਾਂਤ ਤੇ ਵਿਹਾਰ
260 _aਲੁਧਿਆਣਾ
_b ਚੇਤਨਾ ਪ੍ਰਕਾFਨ
_c2012
300 _a144ਪੰ
_ccm.
650 _aਪੰਜਾਬੀ ਸਾਹਿਤ
942 _hO153:g, Q2
_cTEXL
_2CC
999 _c298058
_d298058